1172 1827 1303 1816 1961 1286 1702 1828 1137 1667 1557 1026 1329 1880 1493 1416 1744 1943 1555 1272 1762 1314 1831 1860 1475 1132 1787 1513 1143 1481 1397 1301 1140 1189 1001 1211 1019 1226 1667 1819 1612 1174 1109 1515 1079 1890 1893 1618 1435 1729 1268 1199 1466 1138 1512 1276 1908 1522 1136 1271 1034 1692 1352 1961 1117 1223 1630 1674 1849 1229 1770 1484 1955 1695 1044 1306 1127 1005 1309 1267 1655 1812 1914 1380 1298 1122 1113 1746 1612 1159 1406 1735 1465 1013 1706 1200 1771 1644 1498 BCNSPRNW ULIB Ver.6.0+V

เปลี่ยนเป็นภาษาไทย

Change to English
 แสดงรายละเอียดบรรณานุกรม
  กลับหน้าหลัก

Brief Record : Get Marc (ISO 2709) : E-mail record : QR code < ปิดหน้าต่าง
LEADER : 00000nam 2200000uu 4500
001    13399120933
003     ULIB
008    121026s2547||||th 000 0 tha d
020    ^a9748267022
020    ^a9789748267029
050  4 ^aH62^bบ422ว
100 0  ^aบุญชม ศรีสะอาด
245 10 ^aวิธีการทางสถิติสำหรับการวิจัย /^cบุญชม ศรีสะอาด
250    ^aพิมพ์ครั้งที่ 4
260    ^aกรุงเทพฯ :^bสุวีริยาสาส์น,^c2547
300    ^a419 หน้า
650  4 ^aสถิติ
650  4 ^aวิจัย
945    ^p300^l0^i15706
945    ^p300^l0^i15707
995    ^aทศพร
999    ^aทศพร เกษรทอง
รายการนี้ยังไม่มีแท็ก
คุณยังไม่ได้ล็อกอิน คุณสามารถมีกิจกรรมร่วมกับเว็บไซต์ได้ แต่ต้องล็อกอินก่อน ::
  ล็อกอิน

รายการสื่อสารสนเทศ

ลำดับที่ ประเภท เลขเรียก/บาร์โค้ด สถานที่ สถานะ
1. วิทยาศาสตร์การแพทย์ และสุขภาพ
วิทยาศาสตร์การแพทย์ และสุขภาพ
H62 บ422ว ฉ.1 
  Barcode: 15706
ห้องสมุดวิทยาเขตสวรรค์ประชารักษ์
►หนังสือทั่วไป
บนชั้น
2. วิทยาศาสตร์การแพทย์ และสุขภาพ
วิทยาศาสตร์การแพทย์ และสุขภาพ
H62 บ422ว ฉ.2 
  Barcode: 15707
ห้องสมุดวิทยาเขตสวรรค์ประชารักษ์
►หนังสือทั่วไป
บนชั้น

รายการใกล้เคียง
    ผู้แต่ง [บุญชม ศรีสะอาด]

    หัวเรื่อง [สถิติ]
    หัวเรื่อง [วิจัย]

BibComment


ยังไม่เคยถูกคอมเมนท์

คอมเมนท์ทรัพยากรรายการนี้
  คอมเมนท์: วิธีการทางสถิติส..


 Copyright 2026. Bcnsprnw @Library